| 000 | 00715cam a22002291 4500 | ||
|---|---|---|---|
| 001 | sa 67005198 | ||
| 003 | DLC | ||
| 005 | 20260227112354.0 | ||
| 008 | 771214s1965 ii 000 0 eng | ||
| 010 | _asa 67005198 | ||
| 035 | _a(OCoLC)3492564 | ||
| 040 |
_aDLC _cNmLcU _dOCoLC _dDLC |
||
| 050 | 0 | 0 |
_aPS3509.L43 _bZ896 |
| 100 | 1 | _aWilliams, Haydn Moore. | |
| 245 | 0 | 0 |
_aT. S. Eliot: _bThe waste land and other poems. |
| 250 | _a[1st ed.] | ||
| 260 |
_aCalcutta, _bK. L. Mukhopadhyay, _c1965. |
||
| 300 |
_a152 p. _c19 cm. |
||
| 490 | 0 |
_aDiscussion books on English literature, _v1 |
|
| 504 | _aBibliography: p. [151]-152. | ||
| 600 | 1 | 0 |
_aEliot, T. S. _q(Thomas Stearns), _d1888-1965 _xCriticism and interpretation. |
| 999 |
_c75025 _d75025 |
||